Villes de l'Essonne en images - Statistiques

Statistiques générales
  • Ce quiz a été pris 217 fois
  • Le résultat moyen est 9 sur 18
Statistiques - réponses
Par images Hint Réponse % Correct
É Évry-Courcouronnes
95%
Y Yerres
84%
(L) U Les Ulis
69%
G Grigny
67%
M Massy
66%
P Palaiseau
61%
D Dourdan
60%
É Étampes
58%
C Corbeil-Essonnes
52%
J Juvisy-sur-Orge
51%
F Fleury-Mérogis
50%
A Arpajon
44%
B Brétigny-sur-Orge
38%
L Linas
33%
A Athis-Mons
29%
G Gif-sur-Yvette
22%
S Sainte-Geneviève-des-Bois
20%
M Milly-la-Forêt
10%
Aucun quiz correspondant
Distribution des résultats
% des personnes avec chaque résultat
Percentile par nombre de réponses
Votre historique - résultats
Vous n’avez pas pris ce quiz